How to Detect and Handle Outliers: : Volume: 16

Guardado en:
Detalles Bibliográficos
Autor principal: Iglewicz, Boris (Autor)
Formato: Libro
Lenguaje:inglés
Publicado: Wisconsin : ASQC Quality Press, 1993
Edición:1. Edition
Etiquetas: Agregar Etiqueta
Sin Etiquetas, Sea el primero en etiquetar este registro!

MARC

LEADER 00000nam a22000003a 4500
001 stu73715
005 20150617225648.6
008 020208s1993----xxu-----------------eng-d
040 |a STU  |b slo 
041 0 |a eng 
044 |a xxu 
100 1 |a Iglewicz, Boris  |4 aut 
245 1 |a How to Detect and Handle Outliers: :  |b Volume: 16 
250 |a 1. Edition 
260 |a Wisconsin :  |b ASQC Quality Press,  |c 1993 
996 |b 284J05784  |c J*98862  |l JJK18  |s P  |a 0  |w stu73715_0001